000 00552nam a2200157 i 4500
001 141307
003 ES-MaACL
005 20230906200252.0
007 t|
008 070920s1905 sp ||||1| spa d
100 1 _aVives y Vich, Pedro.
_9115599
245 1 0 _aParque aerostático de ingenieros
_b: observaciones del eclipse de sol de 30 de agosto de 1905 por medio de globos /
_cPedro Vives y Vich.
260 _aMadrid :
_b[s.n.],
_c1905 (
_fImpr. Ingenieros)
650 4 _aEclipses solares-
_xObservaciones.
_9161088
852 _aES-MaACL
_jT-1052-F-5
999 _c141307
_d141307